ARRUPE JESUIT UNIVERSITY

CORONAVIRUS -STOP THE SPREAD - CLEAN,DISINFECT,COVER

The nature of moral judgement; (Record no. 121064)

MARC details
000 -LEADER
fixed length control field 00760cam a2200241 4500
001 - CONTROL NUMBER
control field 763280
003 - CONTROL NUMBER IDENTIFIER
control field ARRUPE
005 - DATE AND TIME OF LATEST TRANSACTION
control field 20141002171800.0
008 - FIXED-LENGTH DATA ELEMENTS--GENERAL INFORMATION
fixed length control field 700514r1969 inu b 000 0 eng
010 ## - LIBRARY OF CONGRESS CONTROL NUMBER
LC control number 69014815
040 ## - CATALOGING SOURCE
Original cataloging agency DLC
Transcribing agency DLC
Modifying agency DLC
050 00 - LIBRARY OF CONGRESS CALL NUMBER
Classification number BJ319
Item number .M3 1969
082 00 - DEWEY DECIMAL CLASSIFICATION NUMBER
Classification number 170
300 ## - PHYSICAL DESCRIPTION
Dimensions 21 cm.
100 1# - MAIN ENTRY--PERSONAL NAME
Personal name McGrath, Patrick,
Dates associated with a name 1935-
9 (RLIN) 12017
245 14 - TITLE STATEMENT
Title The nature of moral judgement;
Remainder of title a study in contemporary moral philosophy.
250 ## - EDITION STATEMENT
Edition statement [1st. American ed.
260 ## - PUBLICATION, DISTRIBUTION, ETC. (IMPRINT)
Place of publication, distribution, etc Notre Dame, Ind.]
Name of publisher, distributor, etc University of Notre Dame Press
Date of publication, distribution, etc [1969, c1967]
300 ## - PHYSICAL DESCRIPTION
Extent xi, 327 p.
504 ## - BIBLIOGRAPHY, ETC. NOTE
Bibliography, etc Bibliography: p. 323-327.
650 #0 - SUBJECT ADDED ENTRY--TOPICAL TERM
Topical term or geographic name as entry element Ethics, Modern
Chronological subdivision 20th century.
9 (RLIN) 12018
906 ## - LOCAL DATA ELEMENT F, LDF (RLIN)
a 7
b cbc
c orignew
d u
e ncip
f 19
g y-gencatlg
942 ## - ADDED ENTRY ELEMENTS (KOHA)
Source of classification or shelving scheme Library of Congress Classification
Koha item type Monograph ( Printed materials)
Holdings
Withdrawn status Lost status Source of classification or shelving scheme Damaged status Not for loan Collection code Home library Current library Shelving location Date acquired Total Checkouts Full call number Barcode Date last seen Price effective from Koha item type
    Library of Congress Classification     Main Collection ARRUPE LIBRARY ARRUPE LIBRARY Main Collection 02/10/2014   BJ319 .M3 1969 46500003842 22/09/2016 02/10/2014 Monograph ( Printed materials)

 

Arrupe Library. PO Box MP320 Mt Pleasant, Harare, Zimbabwe
263 242 745411|librarian@aju.ac.zw